Škola po škole Dnes o chodení za školu. (Z poslednej lavice našepkáva Daniel Hevier.)

Bibliographic Details
Main Author: Hevier, Daniel, 1955- (Author)
Other Authors: Kellenberger, Martin, 1957- (gup)
Format: Article
Language:Slovak
Subjects:

MARC

LEADER 00000nab a2200000 a 4500
001 vtls000340000
003 SK-MaSNL
005 20260305001902.0
008 240311c1988 xo 0 slo
015 |a SNBRB19rr/mm-uuuuu 
035 |a CL0340122 
040 |a SNKBUCL  |b slo  |c SNKBUCL  |e AACR2 
041 0 |a slo 
044 |a xo  |c SK 
080 |a 885.4-7(087.5)  |2 1981 
080 |a 885.4-1(087.5)  |2 1981 
100 1 |a Hevier, Daniel,  |d 1955-  |4 aut  |9 103400 
245 1 0 |a Škola po škole  |b Dnes o chodení za školu. (Z poslednej lavice našepkáva Daniel Hevier.)  |c Daniel Hevier ; Martin Kellenberger 
500 |a Názvy básní: Cestička za školu, Hymna záškolákov, Záškolácka chvíľka poézie. 
650 0 7 |a prózy humoristické  |2 snkbucl  |9 899646 
650 0 7 |a básne humoristické  |2 snkbucl  |9 893934 
655 7 |a články z novín a časopisov  |2 snkbucl  |9 267496 
655 7 |a články z odboru literárna veda a krásna literatúra  |2 snkbucl  |9 770045 
700 1 |a Kellenberger, Martin,  |d 1957-  |4 gup  |9 90777 
773 0 |t Slniečko  |g Roč. 43, č. 4 (1988), s. 16-17 
850 |a Slovenská národná knižnica v Martine  |a MTA001 
852 |a SNK  |b KIS3GCP 
958 |a RK 
958 |a LX 
992 |a RBX 
999 |c 3222052  |d 3223982